000 00745nam a2200193Ia 4500
008 0000001999 usa 0000000000eng00
090 _aPUS00 L15m1
100 1 _aLamb, Matt
_d1932
245 1 0 _aMatt Lamb
_b: another world
300 _a18 p.
_c/ 28 cm.
500 _aExposición realizada en Virginia Miller Galleries, Coral Gables, Octubre Noviembre, 1999 \ Con el patronazgo del maestro venezolano Jesús Rafael Soto (q.e.p.d.)
600 0 0 _aLAMB, MATT, 1932/
_xTRABAJOS PICTORICOS
650 1 4 _aARTE CONTEMPORANEO ESTADOUNIDENSE
650 1 4 _xCATALOGOS
650 1 4 _xEXPOSICIONES
650 1 4 _aPINTORES ESTADOUNIDENSES
650 1 4 _aPINTURA ESTADOUNIDENSE
999 _c2711
_d2711
260 _aCoral Gables : Virginia Miller Gallery
_c1999